000 00361nam a2200145Ia 4500
008 191201s2005 xx 000 0 und d
082 _a621.004
_bSAC
100 _aSINGH, Sadhu
245 0 _aComputer Aided Design and Manufacturing
250 _a2nd
260 _aN.Delhi
_bKhanna Publisher
_c2005
300 _a959
650 _aB.Tech(CSE)
942 _2ddc
_cBK
999 _c1731
_d1731